000 00498nam a2200193Ia 4500
003 OSt
005 20240802103315.0
008 210210b1991 xxu||||| |||| 00| 0 eng d
040 _cAL
041 _akan
082 _aK894.1 SOME
100 _a-
_9174864
245 _aSomeshvara shataka:
_bಸೋಮೇಶ್ವರ ಶತಕ
260 _aBengaluru
_bKannada mattu Samskrati Nirdeshanalaya
_c1991
300 _aiv,46
690 _aKannada Poetry
_9174865
906 _a038024
942 _2ddc
_cBK
999 _c88411
_d88411